|
|
|
|
| LEADER |
00000nab a2200000 a 4500 |
| 001 |
vtls011631578 |
| 003 |
SK-MaSNL |
| 005 |
20260303082829.0 |
| 008 |
170518c2016 xo |z 0 0slo |
| 038 |
|
|
|a KEVKJB
|
| 040 |
|
|
|a KEVKJB
|b slo
|c KEVKJB
|e AACR2
|
| 041 |
0 |
|
|a slo
|
| 044 |
|
|
|a xo
|c SK
|
| 080 |
|
|
|a 272
|2 2011
|
| 100 |
1 |
|
|a Becová, Veronika
|4 ivr
|4 aut
|9 810039
|
| 245 |
1 |
0 |
|a ThLic. Peter Kentoš
|b farár farnosti sv. Košických mučeníkov Nad jazerom a filiálky Vyšné Opátske
|c Veronika Becová
|
| 300 |
|
|
|b Fotogr.
|
| 600 |
1 |
7 |
|a Kentoš, Peter
|2 kevkjb
|9 1088375
|
| 650 |
0 |
7 |
|a rozhovory
|2 kevkjb
|9 453585
|
| 651 |
|
7 |
|a Košice (Slovensko)
|2 kevkjb
|9 18694
|
| 651 |
|
7 |
|a Vyšné Opátske (Košice IV, Slovensko)
|2 kevkjb
|9 29108
|
| 700 |
1 |
|
|a Kentoš, Peter
|4 ive
|4 aut
|9 1088375
|
| 773 |
0 |
|
|t Opátčan
|g Č. 3 (2016), s. 6
|
| 852 |
|
|
|a KEVKJB
|b KIS3GCP
|
| 958 |
|
|
|a BX
|
| 999 |
|
|
|c 1789332
|d 1791262
|